Every NFL QB - Statistics

General Stats
  • This quiz has been taken 33 times
    18 since last reset
  • The average score is 43 of 83
Answer Stats
Hint Answer % Correct
64 Brandon Allen
92%
72 Burrow
92%
65 Josh Allen
92%
66 Kyle Allen
92%
22 Mahomes
85%
59 Russell Wilson
85%
58 Zach Wilson
85%
63 Daniel Jones
77%
16 Mac Jones
77%
31 murray
77%
40 rodgers
77%
47 Stroud
77%
76 Darnold
69%
7 Goff
69%
10 Herbert
69%
13 Hurts
69%
79 JJ Mccarthy
69%
14 Lamar Jackson
69%
17 Lance
69%
19 Levis
69%
24 Maye
69%
32 nix
69%
33 penix
69%
80 Prescott
69%
44 Stafford
69%
56 Williams
69%
74 Cousins
62%
77 Daniels
62%
1 Dobbs
62%
4 Fields
62%
5 Flacco
62%
43 Geno Smith
62%
18 Lawrence
62%
21 Love
62%
34 pickett
62%
41 rush
62%
55 Wentz
62%
61 Young
62%
70 Brissett
54%
82 Huntley
54%
23 Mariota
54%
25 Mayfield
54%
29 minshew
54%
50 Skylar Thompson
54%
51 Thompson-Robinson
54%
53 Trubisky
54%
81 Watson
54%
75 Dalton
46%
11 Hooker
46%
15 Josh Johnson
46%
20 Lock
46%
30 mullens
46%
35 Purdy
46%
36 Rattler
46%
37 Richardson
46%
39 rudolph
46%
67 Tyson Bagent
46%
57 Willis
46%
60 Winston
46%
78 Devito
38%
27 mills
38%
52 Trask
38%
71 Browning
31%
73 Carr
31%
12 Howell
31%
26 McKee
31%
45 Stick
31%
54 Tune
31%
49 Tyrod Taylor
31%
69 Bennett
23%
6 Garoppolo
23%
83 Keenum
23%
38 ridder
23%
46 Stidham
23%
62 Zappe
23%
28 milton
15%
42 Rypien
15%
68 CJ Beathard
8%
3 Ehlinger
8%
48 Tagovialoa
8%
2 Driskel
0%
8 Heaner
0%
9 Henike
0%
No matching quizzes found
Score Distribution
Percent of People with Each Score
Percentile by Number Answered
Your Score History
You have not taken this quiz since the last reset